| 000 | 00366nam a22001457a 4500 | ||
|---|---|---|---|
| 008 | 210426b ||||| |||| 00| 0 eng d | ||
| 020 | _a9780805381788 | ||
| 041 | _aeng | ||
| 080 | _a541 | ||
| 082 | _a541 | ||
| 100 | _a12 | ||
| 101 | _aKIM | ||
| 245 |
_aGeneral, Organic and Biological Chemistry an Integrated Approach _cLaura Frost, Todd Deal |
||
| 942 |
_2udc _cBK |
||
| 999 |
_c56722 _d56722 |
||